La constitucionalizacin̤ de los tratados de Derechos Humanos en Per ︢

Detalles Bibliográficos
Autor principal: Mosquera Monelos, Susana
Formato: eBook
Lenguaje:español
Publicado: Lima: Palestra Editores, 2015
Materias:
Acceso en línea:Acceso restringido

MARC

LEADER 00000nam a22000007a 4500
005 2019082101551.0
007 cr|||| ||||
008 190821s2015 pe |||||s|||| 00||0 spa d
020 |a 978-612-4218-31-6 
035 |a 24142 
040 |a vLex 
090 |c 9256  |d 9256 
100 1 |a Mosquera Monelos, Susana 
245 1 2 |a La constitucionalizacin̤ de los tratados de Derechos Humanos en Per ︢  |h [Recurso electrn̤ico] /  |c Susana Mosquera Monelos 
256 |a Servicio en ln̕ea 
260 |a Lima:  |b Palestra Editores,  |c 2015 
300 |a 1 recurso electrn̤ico 
506 1 |a Disponible solo en los productos indicados  |d vLex Global  |d vLex Global (Academic Edition, excluding Law Schools)  |d vLex Global (U.S. Academic Edition, Law Schools)  |d vLex Global (U.S. Academic Edition, excluding Law Schools)  |d vLex Global (Academic Edition, Law Schools) 
650 0 4 |a Derecho Internacional  |z Per︢ 
740 0 |a vLex Libros (Servicio en ln̕ea) 
856 4 0 |u http://vlex.com/source/constitucionalizacion-tratados-derechos-humanos-peru-24142  |z Acceso restringido 
942 |c BOOK 
999 0 |a International right